Normal view
MARC view
- القشاط، محمد سعيد
Entry Personal Name
001 - CONTROL NUMBER
- control field: 7526
003 - CONTROL NUMBER IDENTIFIER
- control field: JO-AjAnu
005 - DATE AND TIME OF LATEST TRANSACTION
- control field: 20230606071521.0
008 - FIXED-LENGTH DATA ELEMENTS
- fixed length control field: 230606|| aca||aabn | a|a d
040 ## - CATALOGING SOURCE
- Original cataloging agency: JO-AjAnu
- Transcribing agency: JO-AjAnu
100 ## - HEADING--PERSONAL NAME
- Personal name: القشاط، محمد سعيد
670 ## - SOURCE DATA FOUND
- Source citation: Work cat.: (JO-AjAnu)3892: القشاط، محمد سعيد, author, جهاد الليبيين ضد فرنسا في الصحراء الكبرى 1854-1986